000
00334 a2200109 4500
001
ART_17824
005
20260410161700.0
008
260409a
245
1
0
_a
Mercado, plan, crecimiento, estabilidad en la Argentina
100
1
_a
Sturzenegger, Adolfo
773
0
_t
Ensayos Económicos
_g
- Nº 31 (sep. 1984)
_w
REV620
999
_c
15127
_d
15127